01289nam a2200325 a 4500001001200000003000800012006001900020007001500039008004100054015001500095016001900110020002100129040002100150035002000171050003000191082002000221245006600241260006900307300002400376490005400400504005100454533015200505650004300657655002900700700002100729710001700750830005500767856012600822999001500948ebr10002875CaPaEBRm u cr cn|||||||||010813s2001 enka sb o001 0 eng  aGBA1-471047 a92211139492Uk z9221113949(pbk.) aCaPaEBRcCaPaEBR a(OCoLC)7076585214aHD5710.75.P7bT677 2001eb04a330.943805722100aPolandh[electronic resource] /cRaymond Torres ... [et al.]. aGeneva ;a[Great Britain] :bInternational Labour Office,c2001. axvi, 126 p. :bill.1 aStudies on the social dimensions of globalization aIncludes bibliographical references and index. aElectronic reproduction.bPalo Alto, Calif. :cebrary,d2013.nAvailable via World Wide Web.nAccess may be limited to ebrary affiliated libraries. 0aGlobalizationxSocial aspectszPoland. 7aElectronic books.2local1 aTorres, Raymond.2 aebrary, Inc. 0aStudies on the social dimensions of globalization.40uhttp://site.ebrary.com/lib/rucke/Doc?id=10002875zAn electronic book accessible through the World Wide Web; click to view c3089d3089